| 000 | 00718nam a2200253Ia 4500 | ||
|---|---|---|---|
| 003 | OSt | ||
| 005 | 20221005091834.0 | ||
| 006 | a|||||r|||| 00| 0 | ||
| 007 | ta | ||
| 008 | 221004b |||||||| |||| 00| 0 eng d | ||
| 020 | _a9781433105173 (pbk) | ||
| 024 | _a26998 | ||
| 037 |
_bGift, 16/05/2016, _cTextual |
||
| 040 |
_aCRL _cCRL _beng |
||
| 041 |
_2eng _aeng |
||
| 082 | _a40aW, Q0 | ||
| 100 |
_aAtkinson Joshua D. _9616606 |
||
| 245 | 0 | _aAlternative media and politics of resistance | |
| 260 |
_aNew York _bPeter Lang U.S.A _c2010 |
||
| 300 |
_a177p. _ccm. |
||
| 650 |
_aJOUNRALISM _93876 |
||
| 942 |
_h40aW, Q0 _cTEXL _2cc |
||
| 999 |
_c997878 _d997878 |
||